000 00329nam a2200157Ia 4500
100 _aIMS
650 _aCommunication skills
942 _cBK
654 _aCommunication Skill
245 _aCommunication skill builder
260 _bIMS
_c2005
082 _a658.402
_bIMS
300 _a124
546 _aENGLISH
999 _c22915
_d22915